00731nam a2200241 a 4500001001300000003000900013005001700022008004100039020001000080082001700090100002100107245005900128260003900187300000900226500003500235505001000270650002400280650002300304902000800327942000700335952013000342999001700472nice12345678IN_TiNIC20260116013232.0050524s1997 dela grp 000 0 eng  ac29500a200.954bBAB aBabb, Lawrence A aMedia and the Transformation of Religion in South Asia aDelhi bMotilal Banarsidass c1997 a298p aincludes index and biblioraphy2 aIndex aReligion-Asia-south aMedia and Religion bSRS cBK 001040708StackRoom-aHMIbHMId2007-08-01g295.00l1o200.954 BABp018152r2024-07-23s2024-07-16v295.00w2005-05-24yBK c10227d10227